000 00373nam a2200157Ia 4500
005 20240823064848.0
008 240331s9999 xx 000 0 und d
082 _bXUN
_a800
100 _aXun, Lu
245 0 _aCall to Arms
260 _aBeijing
_bForeign Languages Press
_c1981
300 _avi, 149 p .,
650 _aHistory
650 _aChinese - History
942 _cL
999 _c3093
_d3093